00643 2200205 4500001002100000005001500021035002000036007000300056008004100059020002200100082002500122084003100147100001100178245007300189250001800262260006500280300002900345650003700374650002600411INLIS00000000000005120250710115308 a0010-0725000051ta250710 a 0 ind  a978-623-307-428-5 aPB 398.209 598 CHA s aPB 398.209 598 CHA s MAD s0 aMadhav1 aSenang dan sedih :b(Serial beri tahu aku sekarang) /cMadhav Chavan aCetakan kedua aRawamangun :bBadan oengembangan dan pembinaan bahasa,c2022 a18 hlm :bIlus. ;c21 cm 4aCerita anak indonesia-terjemahan 4aLiterasi-bahan bacaan